Economía Política (Registro nro. 4414)

Detalles MARC
000 -LEADER
fixed length control field 02090 a2200205 4500
001 - CONTROL NUMBER
control field 47542
005 - DATE AND TIME OF LATEST TRANSACTION
control field 20260407155742.0
008 - FIXED-LENGTH DATA ELEMENTS--GENERAL INFORMATION
fixed length control field 260407a1955 arg spa d
003 - CONTROL NUMBER IDENTIFIER
control field AR-UNSa-BCEJYS
040 ## - CATALOGING SOURCE
Original cataloging agency AR-UNSa-BCEJYS
Language of cataloging spa
Transcribing agency AR-UNSa-BCEJYS
080 ## - UNIVERSAL DECIMAL CLASSIFICATION NUMBER
Universal Decimal Classification number 338.2
Common auxiliary subdivision Política económica. Control de la economía. Gestión de la economía. Planificación económica
100 1# - MAIN ENTRY--PERSONAL NAME
Personal name Estapé, Fabián
245 10 - TITLE STATEMENT
Title Economía Política
264 #1 - PRODUCTION, PUBLICATION, DISTRIBUTION, MANUFACTURE, AND COPYRIGHT NOTICE
Place of production, publication, distribution, manufacture Barcelona :
Name of producer, publisher, distributor, manufacturer Bosch
Date of production, publication, distribution, manufacture, or copyright notice 1955
300 ## - PHYSICAL DESCRIPTION
Extent 646 p.
Dimensions 23 cm.
505 ## - FORMATTED CONTENTS NOTE
Formatted contents note 1. La orientación doctrinal de este curso - 2. Elección, planes y expectativas - 3. El plan económico para la unidad de consumo - 4. Criterios para la redacción del plan de la unidad de consumo - 5. Las curvas de indiferencia y la relación marginal de sustitución en la teoría de la unidad de consumo - 6. Tablas y curvas de demanda, precio de equilibrio para la unidad de consumo - 7. Sobre la producción en general - 8. Uniformidades técnicas especiales para la unidad de producción - 9. La teoría de los costes de producción de la empresa - 10. La maximización del beneficio de la empresa - 11. Teoría de las formas de mercado en general - 12. La pura concurrencia bilateral - 13. Consideraciones sobre el monopolio bilateral - 14. Análisis del duopolio y oligopolio, así como del monopolio y oligopolio parcial - 15. Las nuevas variables que determinan la imperfección del mercado - 16. Cuestiones relativas a la interdependencia de los mercados - 17. De la micro a la macroeconomía. Dinero y bancos - 18. Introducción a las teorías sobre la renta nacional y sobre la ocupación - 19. Una piedra angular del sistema keynesiano: La propensión al consumo - 20. Examen de las razones por las cuales varían las "Inversiones" en los sitemas económicos modernos - 21. La determinación de la renta y los fenómenos dinámicos del sistema económico - 22. Nuevos esquemas para la interpretación de los fenómenos relativos a los cambios internacionales.
590 ## - LOCAL NOTE (RLIN)
Local note niveau_biblio:m niveau_hierar:0
700 1# - ADDED ENTRY--PERSONAL NAME
Personal name Di Fenizio, Fernando
942 ## - ADDED ENTRY ELEMENTS (KOHA)
Koha item type
Existencias
Withdrawn status Lost status Damaged status Not for loan Home library Current library Shelving location Date acquired Total checkouts Full call number Barcode Date last seen Price effective from Koha item type
        Biblioteca Prof. Eusebio Cleto del Rey Biblioteca Prof. Eusebio Cleto del Rey   07/04/2026   338.2 D536 L20248 07/04/2026 07/04/2026 Libro
        Biblioteca Prof. Eusebio Cleto del Rey Biblioteca Prof. Eusebio Cleto del Rey   07/04/2026   338.2 D536 L20249 07/04/2026 07/04/2026 Libro